| 000 | 00417 a2200133 4500 | ||
|---|---|---|---|
| 001 | 91409 | ||
| 082 | _aPR 1305 | ||
| 090 |
_c43539 _d43538 |
||
| 100 | _aRaja Shoaib M. Minhas; Prof Junaid Hafeez and Tauseef UR Rehman (Advisors) | ||
| 245 |
_aDesign and Development of Foreign Object Debris (FOD) Detection System _n72 "B" Ec |
||
| 260 |
_aRawalpindi _bNUST _c2012 |
||
| 300 | _ax, 51p | ||
| 500 | _aBE Project Reports | ||
| 942 |
_aCAE NUST _kPR 1305 |
||
| 999 |
_c326482 _d326482 |
||